000
nam a22 7a 4500
999
_c
44711
_d
44711
003
OSt
005
20190211152233.0
008
190211b xxu||||| |||| 00| 0 eng d
040
_c
IIMT COLLEGE OF PHARMACY
100
_a
K.D TRIPATHI
245
_a
PHARMACOLY
260
_a
NEW DELHI
_b
JAYPEE
_c
2019
300
_a
1064
942
_2
ddc
_c
02